000 00438 a2200169 4500
001 192193
020 _a85-7185-011-9
040 _cMagnum
100 _aNóbrega, Francisca
240 1 0 _aNova odisséia de ulisses ou mil tiques e um toque
_lpor
245 1 0 _aNova odisséia de ulisses ou mil tiques e um toque
300 _a17
362 0 _a1989
440 1 _aBrasil-América
697 _aLITERATURA INFANTO-JUVENIL
942 _cBK
999 _c192193
_d192193